000 00284nam a22001217a 4500
008 180912b xxu||||| |||| 00| 0 eng d
041 _aeng
080 _a617
100 _a5
101 _aKIR
245 _aSurgical Mnagement Cerbrovascular Disease
_cOjemann.R.G
942 _2udc
_cBK
999 _c47701
_d47701